Magyar-román közös múlt és/vagy történeti kiengesztelődés

Elmentve itt :
Bibliográfiai részletek
Szerző: MISKOLCZY Ambrus
Adatforrás:Meister
Forrásdokumentuma:A Hét. -
44 ; 45 sz., 1998, 3-4 ; 3-4 p.
Nyelv:magyar
Kulcsszavak:politikatörténet
történeti megbékélés (magyar-román)
magyar-román történeti megbékélés
magyar-román kapcsolatok
mítosz
román történeti mítosz
reformáció & ellenreformáció
Erdély, 1848
román nemzeti mozgalom
elit
nacionalizmus
hősiesség
magyar kisebbségpolitika
Gyulafehérvári Határozatok
kisebbségpolitika
Erdély
BERINDEI Dan
ONCIUL Dimitrie
BOIA Lucian
SZÁSZ Zoltán
ANONYMUS
MAKKAI László
DRAGOS Ioan
KOSSUTH Lajos
IANCU Avram
JANCSÓ Benedek
DRAGOMIR Silviu
AYA Rod
WESSELÉNYI Miklós
IORGA Nicolae
MANIU Iuliu
Magyar-Román Történész Vegyesbizottság
LEADER 01517nab a2200517 i 4500
001 bibPRO00007679
008 060524s1998 xx hun
040 |a Sz1 
041 |a hun 
100 1 |a MISKOLCZY Ambrus 
245 1 0 |a Magyar-román közös múlt és/vagy történeti kiengesztelődés  |c MISKOLCZY Ambrus 
695 |a politikatörténet 
695 |a történeti megbékélés (magyar-román) 
695 |a magyar-román történeti megbékélés 
695 |a magyar-román kapcsolatok 
695 |a mítosz 
695 |a román történeti mítosz 
695 |a reformáció & ellenreformáció 
695 |a Erdély, 1848 
695 |a román nemzeti mozgalom 
695 |a elit 
695 |a nacionalizmus 
695 |a hősiesség 
695 |a magyar kisebbségpolitika 
695 |a magyar kisebbségpolitika 
695 |a Gyulafehérvári Határozatok 
695 |a mítosz 
695 |a kisebbségpolitika 
695 |a Erdély 
695 |a BERINDEI Dan 
695 |a ONCIUL Dimitrie 
695 |a BOIA Lucian 
695 |a SZÁSZ Zoltán 
695 |a ANONYMUS 
695 |a MAKKAI László 
695 |a DRAGOS Ioan 
695 |a KOSSUTH Lajos 
695 |a IANCU Avram 
695 |a JANCSÓ Benedek 
695 |a DRAGOMIR Silviu 
695 |a AYA Rod 
695 |a WESSELÉNYI Miklós 
695 |a IORGA Nicolae 
695 |a MANIU Iuliu 
695 |a Magyar-Román Történész Vegyesbizottság 
773 0 |t A Hét. -  |g 44 ; 45 sz., 1998, 3-4 ; 3-4 p.